| 000 | 00364 a2200145 4500 | ||
|---|---|---|---|
| 999 |
_c6816 _d6816 |
||
| 020 | _a9780872200760 | ||
| 050 | _aB385NEH1989 | ||
| 100 |
_aPlato. _eauthor |
||
| 245 |
_aSymposium / _cPlato |
||
| 264 |
_aNew York: _bHackett Publishing Company: _c1989 |
||
| 300 | _a80p. : | ||
| 500 | _aincludes index | ||
| 650 | _aRhetoric, Ancient. | ||
| 942 |
_2lcc _cBK _h385 _iNEH _kB |
||